Applying Economics to the Environment (Record no. 11051)

000 -LEADER
fixed length control field 00291nam a22001217a 4500
040 ## - CATALOGING SOURCE
Transcribing agency HS
082 ## - DEWEY DECIMAL CLASSIFICATION NUMBER
Classification number 333 CLI 2001 C085
100 ## - MAIN ENTRY--AUTHOR NAME
Personal name CLIFFORD S. RUSSELL
245 ## - TITLE STATEMENT
Title Applying Economics to the Environment
260 ## - PUBLICATION, DISTRIBUTION, ETC. (IMPRINT)
Place of publication New York
Name of publisher CLIFFORD S. RUSSELL
Year of publication 2001
300 ## - PHYSICAL DESCRIPTION
Number of Pages 383p;
942 ## - ADDED ENTRY ELEMENTS (KOHA)
Koha item type សៀវភៅភាសាអង់គ្លេស
952 ## - LOCATION AND ITEM INFORMATION (KOHA)
Withdrawn status [LOCAL, KOHA] 0
Holdings
Permanent Location Date acquired Koha item type Lost status Shelving location Barcode Current Location Full call number
Library Block C2017-02-14សៀវភៅភាសាអង់គ្លេស C189A04507Library Block C333 CLI 2001 C189
មជ្ឈមណ្ឌលឯការនៃសាកលវិទ្យាល័យភូមិន្ទកសិកម្មចំការដូង

Powered by Koha